000 01372nam a2200349Ia 4500
001 ebr10064495
003 CaPaEBR
006 m u
007 cr cn|||||||||
008 020211s2002 enka sb 001 0 eng d
015 _aGBA1-U5652
020 _z9781846423154
020 _z1853029769
040 _aCaPaEBR
_cCaPaEBR
035 _a(OCoLC)567905696
050 1 4 _aHV11
_b.D64 2002eb
082 0 4 _a361.30941
_221
100 1 _aDoel, Mark.
245 1 0 _aLearning, practice and assessment
_h[electronic resource] :
_bsignposting the portfolio /
_cMark Doel, Catherine Sawdon and Diane Morrison.
260 _aLondon :
_bJessica Kingsley,
_c2002.
300 _a176 p. :
_bill.
504 _aIncludes bibliographical references and index.
533 _aElectronic reproduction.
_bPalo Alto, Calif. :
_cebrary,
_d2009.
_nAvailable via World Wide Web.
_nAccess may be limited to ebrary affiliated libraries.
650 0 _aCommunity health aides
_xTraining of
_zGreat Britain.
650 0 _aEmployment portfolios
_zGreat Britain.
650 0 _aSocial workers
_xTraining of
_zGreat Britain.
655 7 _aElectronic books.
_2local
700 1 _aMorrison, Diane.
700 1 _aSawdon, Catherine.
710 2 _aebrary, Inc.
856 4 0 _uhttp://site.ebrary.com/lib/rucke/Doc?id=10064495
_zAn electronic book accessible through the World Wide Web; click to view
999 _c48153
_d48153